Sped Level 5 : Special Programme For English Development

Bibliographic Details
Format: Book
Language:English
Published: Kuala Lumpur : Utusan Publications Sdn.Bhd. , 2009
Subjects:

MARC

LEADER 00000cam a2200000 7i4500
001 0000099335
005 20121029.0
008 100526 eng
020 |a 9789676121835 
090 0 0 |a 372.652107 SPE 
245 0 0 |a Sped Level 5 :   |b Special Programme For English Development   |c Panel Of Writers John Ayavu...[et.al.] 
260 |a Kuala Lumpur :   |b Utusan Publications Sdn.Bhd. ,   |c 2009 
300 |a 100p. :   |b ill. ;   |c 26cm. 
650 0 0 |a English Language 
999 |a 0000144440   |b Buku   |c Rujukan Kanak-Kanak   |e Perbadanan Perpustakaan Awam Melaka